Score 0/20 Timer 07:00
3 Plays Today
% Correct
Spider-Man
99.2%
The Dark Knight
92.6%
The Lego Movie
92.5%
Tangled
80.7%
Mission: Impossible
80.3%
Top Gun
77.7%
Airplane!
73.8%
Star Wars: Episode V - The Empire Strikes Back
64.5%
Forrest Gump
64.3%
Labyrinth
61.1%
% Correct
Moulin Rouge!
50%
Robin Hood: Prince of Thieves
49.9%
Flight
46.4%
About a Boy
43.1%
Léon: The Professional
42.1%
Sixteen Candles
33.4%
Some Like it Hot
28.1%
Batman
22%
A Fish Called Wanda
20.8%
The Grand Budapest Hotel
19.5%
Remove Ads.
Support Sporcle.
Get the best of Sporcle when you Go Orange. This ad-free experience offers more features, more stats, and more fun while also helping to support Sporcle. Thank you for becoming a member.

You're not logged in!

Compare scores with friends on all Sporcle quizzes.
OR
Log In

Show Comments

Extras

Top Quizzes Today


Score Distribution

Your Account Isn't Verified!

In order to create a playlist on Sporcle, you need to verify the email address you used during registration. Go to your Sporcle Settings to finish the process.

Report this User

Report this user for behavior that violates our Community Guidelines.

Details: